ISO 55001 norma na spravovanie majetku

Efektívne riadenie správy majetku podniku či spoločnosti, schopnosť udržiavať ho v stave bezpečnom pre užívateľov v súlade s legislatívou, licenciami a záväzkami organizácie, pomocou normy ISO 55001:2014.

Gespeichert in:
Bibliographische Detailangaben
1. Verfasser: Žabár, Vladimír
Format: Buchkapitel
Sprache:Slowakisch
Schlagworte:
Tags: Tag hinzufügen
Keine Tags, Fügen Sie das erste Tag hinzu!

MARC

LEADER 00000naa a2200000 4500
001 0190524
005 20231012072508.5
041 0 |a slo 
044 |a SK 
245 1 0 |a ISO 55001 norma na spravovanie majetku  |c Vladimír Žabár 
520 |a Efektívne riadenie správy majetku podniku či spoločnosti, schopnosť udržiavať ho v stave bezpečnom pre užívateľov v súlade s legislatívou, licenciami a záväzkami organizácie, pomocou normy ISO 55001:2014. 
610 2 0 |a správa spoločnosti 
610 2 0 |a správa podniku 
610 2 0 |a majetok podnikový 
610 2 0 |a kontrola kvality 
610 2 0 |a systém riadenia kvality 
610 2 0 |a normy kvality 
100 1 |a Žabár, Vladimír